LIBRARY & INFORMATION CENTRE, KCAET, TAVANUR

ONLINE PUBLIC ACCESS CATALOGUE (OPAC)

Use of Biofertilizers for Higher Crop Yields (Record no. 19437)

MARC details
000 -LEADER
fixed length control field 00322nam a22001217a 4500
003 - CONTROL NUMBER IDENTIFIER
control field OSt
008 - FIXED-LENGTH DATA ELEMENTS--GENERAL INFORMATION
fixed length control field 250222b |||||||| |||| 00| 0 eng d
041 ## - LANGUAGE CODE
Language code of text/sound track or separate title eng
100 ## - MAIN ENTRY--AUTHOR NAME
Personal name Singh, T and Dixit, Subodh K
245 ## - TITLE STATEMENT
Title Use of Biofertilizers for Higher Crop Yields
260 ## - PUBLICATION, DISTRIBUTION, ETC. (IMPRINT)
Name of publisher Farm Information Unit,
Year of publication 1998.
942 ## - ADDED ENTRY ELEMENTS (KOHA)
Koha item type Books
Holdings
Withdrawn status Lost status Damaged status Home library Current library Date acquired Source of acquisition Cost, normal purchase price Accession Number Koha item type
      KAUAET KAUAET 22/02/2025 Directorate of Extension, New Delhi 4.00 21086 Books
free website counter